000 00521nam a2200193Ia 4500
003 GCL
008 140319s9999 xx 000 0 eng d
040 _aGCL /
_cGCL
082 0 4 _a813.52
_bD M
100 1 _aDOWLING, DAVID
245 1 0 _aMACMILLAN MODERN NOVELISTS WILLIAM FAULKNER /
_cDOWLING, DAVID
260 _a[S.N] :
_bMac Millan Press ،
_c1989
300 _a183 P
650 0 4 _aENGLISH FICTION
650 0 4 _aCRITICAL STUDIES
650 0 4 _aAMERICAN WRITERS
650 0 4 _aFAULKNER, WILLIAM
942 _2ddc
_cBK
999 _c24656
_d24656